Spôsoby a metódy preškoľovania zamestnancov pri prechode na nový IS bakalárska práca

Salvato in:
Dettagli Bibliografici
Autore principale: Luhová, Silvia
Ente Autore: Fakulta podnikového manažmentu EU. Katedra informačného manažmentu
Altri autori: Bodiš, Miloš
Natura: Libro
Lingua:slovacco
Pubblicazione: Bratislava 2011
Tags: Aggiungi Tag
Nessun Tag, puoi essere il primo ad aggiungerne!!

MARC

LEADER 00000nbm a2200000 4500
001 0140171
005 20161109111709.9
041 0 |a slo 
044 |a SK 
245 1 0 |a Spôsoby a metódy preškoľovania zamestnancov pri prechode na nový IS  |b bakalárska práca  |c Silvia Luhová ; školiteľ: Miloš Bodiš 
264 1 |a Bratislava  |c 2011 
300 |a 39 s. 
100 1 |a Luhová, Silvia 
700 1 |a Bodiš, Miloš 
710 2 |a Fakulta podnikového manažmentu EU. Katedra informačného manažmentu